000 00853nam a2200253 a 4500
001 41687
003 BD-RjUL
005 20211209053432.0
008 160605s1960 nyu 001 0 eng
035 _a(BD-RjUL)41805
035 _a683690
040 _aAK
_beng
_cAK
_dBD-RjUL
041 _aeng
082 0 4 _a301.451
_bWIC 1960
100 1 _aWillmott, Donald Earl,
_d1925-
_9128048
245 1 4 _aThe Chinese of Semarang :
_ba changing minority community in Indonesia /
_cDonald Earl Willmott
260 _aIthaca, N.Y. :
_bCornell University Press,
_cc1960
300 _axii, 374 p. ;
_c24 cm.
500 _a"Published under the auspices of the Modern Indonesia Project, Southeast Asia Program, Cornell University."
500 _aIncludes index
650 0 _aChinese in Semarang (Residentie)
_9128049
942 _2ddc
_cBK
999 _c41687
_d41687